000 00297nam a22001217a 4500
008 230606b xxu||||| |||| 00| 0 eng d
082 _a348.02
_bYON
245 _aHalsbury's Status of England
250 _aThird
260 _aLondon
_bButterworth & Co. ltd
_c1969
300 _a586 p
942 _2ddc
_cBK
999 _c693
_d693